Top 15 Largest Train Stations in the UK - Statistics

General Stats
  • This quiz has been taken 203 times
  • The average score is 8 of 15
Answer Stats
Hint Answer % Correct
36.185 London Euston
82%
62.525 London Waterloo
79%
25.776 Manchester Piccadilly
79%
66.859 London Paddington
77%
50.829 London Victoria
76%
35.959 London St Pancras International
73%
33.335 Birmingham New Street
72%
94.449 London Liverpool Street
71%
24.964 Glasgow Central
66%
50.045 London Bridge
51%
56.570 Stratford
28%
46.049 Farringdon
21%
64.219 Tottenham Court Road
16%
38.307 Bond Street
14%
35.246 Whitechapel
9%
No matching quizzes found
Score Distribution
Percent of People with Each Score
Percentile by Number Answered
Your Score History
You have not taken this quiz